|
|
|
|
| LEADER |
01406nam a2200277 i 4500 |
| 001 |
GR-MES1794 |
| 003 |
GR-PaULI |
| 005 |
20231108124839.0 |
| 008 |
991111t1992 enka g 001 b eng d |
| 020 |
|
|
|a 0751403067
|
| 040 |
|
|
|a GrPaTEI
|b gre
|c GR-PaULI
|e AACR2
|
| 082 |
0 |
4 |
|2 23
|a 577.7
|
| 100 |
1 |
|
|a Wootton, R. J.
|q (Robin Jeremy),
|d 1936-
|9 116629
|
| 245 |
1 |
0 |
|a Fish ecology /
|c R. J. Wootton.
|
| 260 |
|
|
|a London :
|b Blackie Academic,
|c c1992.
|
| 300 |
|
|
|a 212 σ. :
|b εικ. ;
|c 20 εκ.
|
| 490 |
0 |
|
|a Tertiary level biology / Blackie Academic
|
| 500 |
|
|
|a Περιλαμβάνει βιβλιογραφία και ευρετήριο.
|
| 650 |
|
4 |
|a Θαλάσσια οικολογία
|9 11481
|
| 650 |
|
4 |
|a Ψάρια
|9 90970
|
| 942 |
|
|
|2 ddc
|c BK
|
| 952 |
|
|
|0 0
|1 0
|2 ddc
|4 0
|6 577_700000000000000_WOO
|7 0
|9 266081
|a MSLG
|b MSLG
|c BSC
|d 2021-01-17
|e 24
|f 0
|g 0.00
|l 0
|o 577.7 WOO
|p 2420000005645
|r 2021-01-17 00:00:00
|t 1
|w 2021-01-17
|y BK15
|x 19991111 0 1
|x GrPaTEI
|
| 952 |
|
|
|0 0
|1 0
|2 ddc
|4 0
|6 577_700000000000000_WOO
|7 0
|9 266082
|a MSLG
|b MSLG
|c BSC
|d 2021-01-17
|e 24
|f 0
|g 0.00
|l 0
|o 577.7 WOO
|p 2420000013667
|r 2021-01-17 00:00:00
|t 2
|w 2021-01-17
|y BK15
|x 19991111 0 1
|x GrPaTEI
|
| 952 |
|
|
|0 0
|1 0
|2 ddc
|4 0
|6 577_700000000000000_WOO
|7 0
|9 266083
|a MSLG
|b MSLG
|c BSC
|d 2021-01-17
|e 24
|f 0
|g 0.00
|l 0
|o 577.7 WOO
|p 2420000013668
|r 2021-01-17 00:00:00
|t 3
|w 2021-01-17
|y BK15
|x 19991111 0 1
|x GrPaTEI
|
| 998 |
|
|
|c ΒΑΣΙΛΕΙΟΥ
|d 2023-11
|
| 999 |
|
|
|c 152993
|d 152993
|